000 00543nam a2200193Ia 4500
005 20260120132214.0
008 008 260114s9999 xx 000 0 eng d
020 _a9780197700891
037 _aEBOOK
040 _aCRL
_beng
_cCRL
041 _aeng
_2eng
084 _qCRL
100 _aSapp
_9936207
245 0 _aEvolution by Association: A History of Symbiosis
260 _bOxford University PressOxford University Press
_c2023
856 _uhttps://academic.oup.com/book/54166
942 _cEBOOK
999 _c1528130
_d1528130